000 01216nam a2200313 a 4500
001 000021705
003 OSt
005 20241017090756.0
008 100910s2000 dr bc 000 0 spa d
020 _a9993401218
040 _aDO-SdBNP
_bspa
_cBNPHU
049 _aBNPD
082 _a972.9363
_bE79h
100 1 _aEstévez Aristy, Justiniano,
_d1962-
_93212
245 1 0 _aHistoria y desarrollo de la provincia de Salcedo /
_cJustiniano Estévez Aristy ; prólogo Ciriaco Landolfi
260 _aSanto Domingo :
_bComisión Presidencial de Apoyo al Desarrollo Provincial,
_c2000.
300 _a223 p. :
_bmap. ; retrs. ;
_c22 cm.
490 1 _aProvincias
_v11
500 _aIncluye datos biográficos del autor en la solapa de la cubierta
500 _aIncluye notas al pie de páginas
504 _aBibliografías : p. 216-217
586 _aPrimer premio en el concurso nacional sobre historia y desarrollo de las provincias.
590 _aInventariado, 2020 /LP
650 4 _aCiudades y pueblos
_zRepública Dominicana
_9784
650 4 _aSalcedo
_z(República Dominicana
_xHistoria local
_945138
700 1 _aLandolfi, Ciriaco,
_eprólogo
_924264
830 0 _aProvincias
_n11
_945139
942 _2ddc
_cLBS1
999 _c21204
_d21204